Suverénne fondy a ich transparentnosť

K vymedzeniu pojmu suverénny fond. Transparentnosť suverénnych fondov. Zdroje vytvárania suverénnych fondov. Klasifikácia suverénnych fondov z hľadiska cieľov ich vytvárania. Formy investícií suverénnych fondov na domácom a globálnom trhu.

Salvato in:
Dettagli Bibliografici
Autore principale: Bačišin, Vladimír
Natura: Capitolo di libro
Lingua:slovacco
Soggetti:
Tags: Aggiungi Tag
Nessun Tag, puoi essere il primo ad aggiungerne!!

MARC

LEADER 00000nla a2200000 4500
001 0156612
005 20231121083506.2
041 0 |a slo 
044 |a SK 
245 1 0 |a Suverénne fondy a ich transparentnosť  |c Vladimír Bačišin 
520 |a K vymedzeniu pojmu suverénny fond. Transparentnosť suverénnych fondov. Zdroje vytvárania suverénnych fondov. Klasifikácia suverénnych fondov z hľadiska cieľov ich vytvárania. Formy investícií suverénnych fondov na domácom a globálnom trhu. 
610 2 0 |a fondy investičné 
610 2 0 |a trh finančný 
610 2 0 |a aktíva 
610 2 0 |a rezervy devízové 
610 2 0 |a pojmy 
100 1 |a Bačišin, Vladimír